00324nam a2200109Ia 4500082001600000245007400016260003300090300001800123650003600141700001600177700002100193 aRR 423 RAN- 0aRandom house dictionary of the English language (an abridged edition) aNew YorkbRandom Housec1967 axxxii, 2053p. aEnglish language - Dictionaries aStein, Jess aUrdang, Laurence